01429nam a22002657a 4500003000800000008004100008037002000049039004000069040002600109041000800135080001200143100002800155245017300183260010000356300002000456500014600476650009600622655002300718700003300741710008900774942001300863999001700876952013700893952013301030BI-BuBU170706b2013 bd fr|||| 000 0 fre d bDon de l'auteur a20170706112547.0bConstance Niyimpa aBI-BuBUbfrecBI-BuBU0 afre a336.12 1 4aut.aGirukwayo, Goreth10aEffets des fluctuations des prix des produits pétroliers sur le déficit budgétaire au Burundi (1986-2010)cPar Goreth Girukwayo ; Désiré Nkurunziza, directeur aBujumburabUniversité du Burundi, Faculté des Sciences Economiques et Administrativesc2013 aX-97 f.c30 cm. aMémoire présenté et défendu publiquement en vue de l'obtention du grade de Licencié en Sciences Économiques et Administratives.  72BI-BuBUaDéficit budgétairexProduit pétrolierxPrixxFluctuationy1986-2010zBurundi 72BI-BuBUaMémoire1 4dir.aNkurunziza, Désiré1 4aut.aUniversité du BurundibFaculté des Sciences Economiques et Administratives 2udccMEM c36667d36667 00102udc4071954119aBCbBCd2017-07-06eDon de l'auteurl0oR.336.12 GIR.p5010000140427r2017-07-06t1w2017-07-06yMEMi218490 00102udc4071964610bBFSEAd2020-02-18eDon de l'auteurl0o336.12 GIR.p5010000584290r2020-02-18t2w2020-02-18yMEMaBFSEA